Billy Joel Lyrics Quiz (Part 30) - Statistics

General Stats
  • This quiz has been taken 36 times
  • The average score is 99 of 187
Answer Stats
Answer % Correct
a
96%
an
96%
I
96%
the
93%
to
89%
And
86%
go
86%
You
86%
you
86%
in
82%
your
82%
is
79%
We
79%
we
79%
When
79%
Are
71%
are?
71%
Do
71%
on
71%
so
71%
Can
68%
for
68%
know
68%
of
68%
what
68%
who
68%
you’re
68%
will
61%
Will
61%
at
57%
But
57%
had
57%
life
57%
not
57%
Oh,
57%
like
54%
Or
54%
well
54%
were
54%
always
50%
ever
50%
from
50%
now
50%
how
46%
How
46%
our
46%
up
46%
was
46%
you’ve
46%
You’ve
46%
anybody
43%
been
43%
good
43%
still
43%
find
39%
ways
39%
went
39%
what’s
39%
days
36%
James
36%
knows
36%
look
36%
done
32%
friends
32%
school
32%
sure
32%
education
29%
Everybody
29%
everybody
29%
Everything
29%
everything
29%
made
29%
pursued
29%
road
29%
seperate
29%
Someone
29%
stay
29%
write
29%
change
25%
childhood
25%
dream
25%
else
25%
Living
25%
masterpiece?
25%
plans
25%
satisfied
25%
behaved,
21%
expectations?
21%
gonna
21%
hard
21%
release
21%
secure
21%
tried
21%
upon
21%
Hey
18%
Hey,
18%
organized
18%
working
18%
else’s
14%
family
14%
job
14%
relied
14%
Carrying
11%
pride
11%
weight
11%
No matching quizzes found
Score Distribution
Percent of People with Each Score
Percentile by Number Answered
Your Score History
You have not taken this quiz